000 00463nam a22001697a 4500
003 NUST - PNEC
005 20170116181154.0
008 160111b xxu||||| |||| 00| 0 eng d
020 _a-
040 _cLIBRARY
082 _a956.94 MEE
100 _915785
_aMeer Babar Mushtaq
245 _aIsrael: Aghaz se anjam ki taraf
_cMeer Babar Mushtaq
260 _aKarachi:
_bTawakal Academy;
_cc2011.
650 _915786
_aIsrael, History
_xGeneral
942 _2ddc
_cBK
999 _c71133
_d71133